Riconosci la Squadra di calcio - Quiz n°3 - Statistics

Statistiche generali
  • Questo quiz è stato fatto 199 volte
  • Il punteggio medio è 8 su 12
Statistiche sulle risposte
Indizio Risposta % Corretto
Colori sociali Bianco, rosso
98%
Divisione nazionale 2023-2024 Quarta
89%
Simboli Carpine, Falco
87%
Titoli nazionali 1 campionato di Serie B
82%
Confederazione UEFA
75%
Trofei nazionali 0
73%
Fondazione 1909
70%
Rifondazione 2000
59%
Rifondazione 2021
59%
Trofei internazionali 0
58%
Capienza Stadio 5 510 posti
56%
Squadra Carpi
34%
Nessun quiz corrispondente trovato
Distribuzione punteggi
Percentuale di utenti per punteggio
Percentile per numero di risposta
I tuoi punteggi nel tempo
Non hai fatto questo quiz